00736nam a2200181 a 450000100100000000500170001000800410002702000180006804000250008608200150011110000260012624501800015226000360033230000460036850000710041470000480048571000210053300004619120240228142134.0150703s2015 dr ac r 000 0 spa d a9789945423310 aDO-SdBNPbspacBNPHU axxxxbxxxx1 aSánchez R., Edis A.13aUn año de cultura tradicional dominicana :binvestigación del Grupo de Folklore de UNAPEC, julio de 2009 - junio 2010 /cEdis A. Sánchez R. ; prólogo Carlos Andújar. aSanto Domingo :bUNAPEC,c2015. a159 p. :bil., retrs. + CD-ROM) ;c23 cm. aIncluye datos biográficos del autor en la solapa de la cubierta.12aAndújar Persinal, Carlos,d1956-epról.22aUniversidad APEC